[Event "1516VL"]
[Site "Mecklenburg-Vorpommern"]
[Date "2015.09.20"]
[Round "1.4"]
[White "Podolskiy, Alexander"]
[Black "Celmer, Ole"]
[Result "1-0"]
[WhiteElo "1871"]
[BlackElo "1893"]
[PlyCount "81"]
[EventDate "2015.10.11"]
[EventType "team-tourn"]
[EventRounds "9"]
[EventCountry "GER"]
[SourceDate "2015.09.20"]
[WhiteTeam "ASV GW Wismar "]
[BlackTeam "SSC Rostock 07 II"]
[WhiteTeamCountry "GER"]
[BlackTeamCountry "GER"]

1. e4 e5 2. Nf3 Nc6 3. Bc4 Bc5 4. d3 Nf6 5. Be3 Bb6 6. O-O O-O 7. Bg5 d6 8. a3
Be6 9. Nbd2 a5 10. c3 Kh8 11. b4 a4 12. Bb5 Ne7 13. Bxa4 Ng6 14. Bb3 Bg4 15.
Qc2 c6 16. a4 h6 17. Be3 Bc7 18. a5 Nh5 19. Ra3 Nhf4 20. Rfa1 Nh4 21. Nxh4 Qxh4
22. Bxf4 exf4 23. f3 Bd7 24. Nc4 f5 25. Qf2 Qf6 26. Qd4 Qg6 27. e5 Rae8 28.
Nxd6 Rxe5 29. Qxe5 Bxd6 30. Qd4 Re8 31. Qf2 Re3 32. Bc4 Qe8 33. d4 Be6 34. Bxe6
Qxe6 35. h3 Re2 36. Qf1 Qe3+ 37. Kh1 Be7 38. a6 bxa6 39. Rxa6 Bh4 40. Rxc6 Rf2
41. Qc1 1-0

[Event "1516VL"]
[Site "Mecklenburg-Vorpommern"]
[Date "2015.09.20"]
[Round "1.5"]
[White "Schumann, Rabea"]
[Black "Borchert, Ulf"]
[Result "1-0"]
[WhiteElo "1674"]
[BlackElo "1822"]
[PlyCount "57"]
[EventDate "2015.10.11"]
[EventType "team-tourn"]
[EventRounds "9"]
[EventCountry "GER"]
[SourceDate "2015.09.20"]
[WhiteTeam "SSC Rostock 07 II"]
[BlackTeam "ASV GW Wismar "]
[WhiteTeamCountry "GER"]
[BlackTeamCountry "GER"]

1. e4 c5 2. Nc3 d6 3. f4 Nc6 4. Bb5 Bd7 5. Nf3 a6 6. Bxc6 Bxc6 7. d3 e6 8. O-O
Nf6 9. h3 h5 10. g3 b5 11. Be3 Qc7 12. Qd2 Rd8 13. Qf2 Bb7 14. Rfe1 Qc6 15. Ng5
b4 16. Nd1 d5 17. Bd2 d4 18. b3 Nd7 19. f5 e5 20. Nb2 Be7 21. Nf3 f6 22. Nc4
Nb6 23. Nxb6 Qxb6 24. Bc1 Kd7 25. Nd2 Rdg8 26. Nc4 Qc7 27. Bd2 g6 28. fxg6 Rxg6
29. Qf5+ 1-0

[Event "1516VL"]
[Site "Mecklenburg-Vorpommern"]
[Date "2015.09.20"]
[Round "1.6"]
[White "Pentzien, Volker"]
[Black "Hodl, Ingolf"]
[Result "0-1"]
[WhiteElo "1810"]
[BlackElo "1922"]
[PlyCount "90"]
[EventDate "2015.10.11"]
[EventType "team-tourn"]
[EventRounds "9"]
[EventCountry "GER"]
[SourceDate "2015.09.20"]
[WhiteTeam "ASV GW Wismar "]
[BlackTeam "SSC Rostock 07 II"]
[WhiteTeamCountry "GER"]
[BlackTeamCountry "GER"]

1. d4 Nf6 2. c4 g6 3. Nc3 Bg7 4. Nf3 d6 5. e4 O-O 6. Be2 Nbd7 7. O-O e5 8. dxe5
dxe5 9. Qc2 c6 10. Rd1 Qc7 11. h3 b6 12. Be3 Bb7 13. Nh2 Rfe8 14. Rd2 Nf8 15.
Rad1 Ne6 16. Ng4 Nd4 17. Qc1 h5 18. Nxf6+ Bxf6 19. Bf1 Qe7 20. f4 c5 21. Nd5
Bxd5 22. exd5 Nf5 23. Re2 Nxe3 24. Qxe3 e4 25. Qg3 Bd4+ 26. Kh1 Qf6 27. b3 Qd6
28. Qg5 f5 29. g4 hxg4 30. hxg4 Qf6 31. Qxf6 Bxf6 32. gxf5 gxf5 33. Bh3 Bd4 34.
Bxf5 e3 35. Rg1+ Kf8 36. Kg2 Ke7 37. Kf3 Rg8 38. Rxg8 Rxg8 39. Rh2 Kf6 40. Be6
Rg1 41. Rh7 Rf1+ 42. Ke2 Rf2+ 43. Kd3 Rd2+ 44. Ke4 e2 45. Rf7+ Kg6 0-1

[Event "1516VL"]
[Site "Mecklenburg-Vorpommern"]
[Date "2015.09.20"]
[Round "1.7"]
[White "Schumann, Harald"]
[Black "Junggebauer, Thomas"]
[Result "1/2-1/2"]
[WhiteElo "1937"]
[BlackElo "1798"]
[PlyCount "34"]
[EventDate "2015.10.11"]
[EventType "team-tourn"]
[EventRounds "9"]
[EventCountry "GER"]
[SourceDate "2015.09.20"]
[WhiteTeam "SSC Rostock 07 II"]
[BlackTeam "ASV GW Wismar "]
[WhiteTeamCountry "GER"]
[BlackTeamCountry "GER"]

1. e4 c5 2. Nf3 e6 3. Bc4 d5 4. exd5 exd5 5. Bb5+ Bd7 6. Bxd7+ Qxd7 7. O-O Nf6
8. Re1+ Be7 9. d4 O-O 10. Nc3 Nc6 11. Bf4 Rfe8 12. Ne5 Qf5 13. Be3 cxd4 14.
Bxd4 Nxd4 15. Qxd4 Bd6 16. Nd3 Qh5 17. h3 Rac8 1/2-1/2

[Event "1516VL"]
[Site "Mecklenburg-Vorpommern"]
[Date "2015.09.20"]
[Round "1.8"]
[White "Wagner, Bernd"]
[Black "Schamber, Dennis"]
[Result "0-1"]
[WhiteElo "1762"]
[BlackElo "1695"]
[PlyCount "52"]
[EventDate "2015.10.11"]
[EventType "team-tourn"]
[EventRounds "9"]
[EventCountry "GER"]
[SourceDate "2015.09.20"]
[WhiteTeam "ASV GW Wismar "]
[BlackTeam "SSC Rostock 07 II"]
[WhiteTeamCountry "GER"]
[BlackTeamCountry "GER"]

1. d4 Nf6 2. c4 g6 3. Nc3 Bg7 4. e4 d6 5. Bg5 O-O 6. f4 c5 7. d5 a6 8. a4 Ng4
9. Qd2 Bd4 10. Nd1 Nxh2 11. Bh6 Re8 12. Ne2 Nxf1 13. Kxf1 Bh8 14. f5 Nd7 15.
Ra3 Nf6 16. Nf2 Nxe4 17. Nxe4 Bxf5 18. N2g3 Qd7 19. Ng5 b5 20. axb5 axb5 21.
Nxh7 Rxa3 22. bxa3 bxc4 23. Bf8 Bd3+ 24. Ke1 Qg4 25. Qe3 Bc3+ 26. Kf2 Bd4 0-1

[Event "1516VL"]
[Site "Mecklenburg-Vorpommern"]
[Date "2015.09.20"]
[Round "1.1"]
[White "Waschk, Armin"]
[Black "Schinke, Andreas"]
[Result "1-0"]
[WhiteElo "2099"]
[BlackElo "2060"]
[PlyCount "71"]
[EventDate "2015.10.11"]
[EventType "team-tourn"]
[EventRounds "9"]
[EventCountry "GER"]
[SourceDate "2015.09.20"]
[WhiteTeam "SG Guestrow/Teterow"]
[BlackTeam "SV BW Grevesmuehlen"]
[WhiteTeamCountry "GER"]
[BlackTeamCountry "GER"]

1. e4 c5 2. Nc3 d6 3. g3 Nf6 4. Bg2 g6 5. Nge2 Bg7 6. O-O O-O 7. d3 Nc6 8. f4
Bd7 9. h3 Rb8 10. a4 a6 11. Be3 b5 12. axb5 axb5 13. e5 Ne8 14. Ne4 f5 15. e6
fxe4 16. exd7 Qxd7 17. dxe4 Bxb2 18. Rb1 Bg7 19. Bxc5 Nf6 20. Be3 Rfc8 21. g4
Na5 22. g5 Ne8 23. f5 Nc4 24. Bd4 Bxd4+ 25. Qxd4 Ne5 26. Nf4 Qc6 27. Nd5 Rb7
28. Rf2 Qc4 29. Qd2 Ng7 30. f6 exf6 31. gxf6 Ne6 32. Ne7+ Rxe7 33. fxe7 Nd4 34.
Kh1 Nec6 35. Rbf1 Nxe7 36. Qh6 1-0

[Event "1516VL"]
[Site "Mecklenburg-Vorpommern"]
[Date "2015.09.20"]
[Round "1.2"]
[White "Boehme, Andy"]
[Black "Dettmann, Gerd"]
[Result "0-1"]
[WhiteElo "2048"]
[BlackElo "2081"]
[PlyCount "82"]
[EventDate "2015.10.11"]
[EventType "team-tourn"]
[EventRounds "9"]
[EventCountry "GER"]
[SourceDate "2015.09.20"]
[WhiteTeam "SV BW Grevesmuehlen"]
[BlackTeam "SG Guestrow/Teterow"]
[WhiteTeamCountry "GER"]
[BlackTeamCountry "GER"]

1. Nf3 c5 2. e3 d5 3. Bb5+ Nd7 4. Ne5 Ngf6 5. O-O e6 6. Qe2 Bd6 7. f4 O-O 8.
Nxd7 Nxd7 9. Nc3 a6 10. Bxd7 Bxd7 11. b3 b5 12. Bb2 b4 13. Nd1 a5 14. a4 Rc8
15. Nf2 c4 16. Ng4 f6 17. h3 Qe7 18. Qe1 h5 19. Nh2 e5 20. Rd1 Bf5 21. d3 c3
22. Bc1 e4 23. d4 Kf7 24. Qe2 g6 25. Qb5 Be6 26. Qxa5 Qb7 27. g4 Bd7 28. f5 g5
29. Rf2 Ra8 30. Qxa8 Rxa8 31. Nf1 h4 32. Rg2 Bxa4 33. bxa4 Rxa4 34. Re2 Ra2 35.
Kf2 Qa6 36. Ke1 b3 37. Kf2 Qb5 38. Rde1 b2 39. Bxb2 cxb2 40. Rb1 Bg3+ 41. Nxg3
hxg3+ 0-1

[Event "1516VL"]
[Site "Mecklenburg-Vorpommern"]
[Date "2015.09.21"]
[Round "1.3"]
[White "Luther, Alexander"]
[Black "Naujok, Joerg"]
[Result "0-1"]
[WhiteElo "1961"]
[BlackElo "1953"]
[PlyCount "78"]
[EventDate "2015.10.11"]
[EventType "team-tourn"]
[EventRounds "9"]
[EventCountry "GER"]
[SourceDate "2015.09.20"]
[WhiteTeam "SG Guestrow/Teterow"]
[BlackTeam "SV BW Grevesmuehlen"]
[WhiteTeamCountry "GER"]
[BlackTeamCountry "GER"]

1. e4 d6 2. d4 Nf6 3. Bd3 g6 4. Bg5 Bg7 5. Qd2 h6 6. Bf4 Nh5 7. Be3 e5 8. Ne2
Nc6 9. d5 Ne7 10. Nbc3 f5 11. f3 f4 12. Bf2 O-O 13. O-O-O g5 14. g3 fxg3 15.
hxg3 Nf6 16. Rdg1 Ng6 17. Nd1 c5 18. Ne3 a6 19. f4 b5 20. c4 bxc4 21. Nxc4 Ng4
22. Be3 Nxe3 23. Nxe3 exf4 24. gxf4 Nxf4 25. Nf5 Nxd3+ 26. Qxd3 Bxf5 27. exf5
Qf6 28. Rf1 Qxb2+ 29. Kd1 Qa1+ 30. Nc1 Rae8 31. Rh3 c4 32. Qd2 Qe5 33. Rhf3 g4
34. Rf4 h5 35. Rxc4 Rxf5 36. Rxf5 Qxf5 37. Rf4 Qe5 38. Rf2 Bh6 39. Qc2 Qe1# 0-1

[Event "1516VL"]
[Site "Mecklenburg-Vorpommern"]
[Date "2015.09.20"]
[Round "1.4"]
[White "Wecke, Thoralf"]
[Black "Fidorra, Thomas"]
[Result "1/2-1/2"]
[WhiteElo "1907"]
[BlackElo "1940"]
[PlyCount "67"]
[EventDate "2015.10.11"]
[EventType "team-tourn"]
[EventRounds "9"]
[EventCountry "GER"]
[SourceDate "2015.09.20"]
[WhiteTeam "SV BW Grevesmuehlen"]
[BlackTeam "SG Guestrow/Teterow"]
[WhiteTeamCountry "GER"]
[BlackTeamCountry "GER"]

1. d4 Nf6 2. Bg5 c6 3. Bxf6 exf6 4. c4 d5 5. e3 Bb4+ 6. Nc3 O-O 7. Qb3 Qa5 8.
cxd5 cxd5 9. Bd3 Bd7 10. a3 Bxc3+ 11. Qxc3 Qxc3+ 12. bxc3 Rc8 13. Ne2 f5 14.
Rb1 b6 15. Kd2 Be6 16. Nf4 g5 17. Nxe6 fxe6 18. Rhc1 Nd7 19. Ba6 Rc7 20. c4 Nb8
21. Bb5 a6 22. Ba4 dxc4 23. Rxb6 Kf7 24. Rb4 Nd7 25. Bxd7 Rxd7 26. Rbxc4 Ke7
27. f3 Rb8 28. Rc6 Rd6 29. Rc7+ Rd7 30. Kd3 Rxc7 31. Rxc7+ Kd6 32. Rc3 Rb2 33.
Rc2 Rb3+ 34. Rc3 1/2-1/2

[Event "1516VL"]
[Site "Mecklenburg-Vorpommern"]
[Date "2015.09.20"]
[Round "1.5"]
[White "Dettmann, Holger"]
[Black "Stiegler, Maik"]
[Result "1/2-1/2"]
[WhiteElo "1919"]
[BlackElo "1888"]
[PlyCount "25"]
[EventDate "2015.10.11"]
[EventType "team-tourn"]
[EventRounds "9"]
[EventCountry "GER"]
[SourceDate "2015.09.20"]
[WhiteTeam "SG Guestrow/Teterow"]
[BlackTeam "SV BW Grevesmuehlen"]
[WhiteTeamCountry "GER"]
[BlackTeamCountry "GER"]

1. d4 Nf6 2. Nc3 g6 3. Bf4 Bg7 4. Qd2 d6 5. O-O-O Nbd7 6. f3 c5 7. e3 a6 8. g4
b5 9. h4 Bb7 10. h5 b4 11. Nb1 a5 12. Bb5 Qb6 13. Ba4 1/2-1/2

[Event "1516VL"]
[Site "Mecklenburg-Vorpommern"]
[Date "2015.09.20"]
[Round "1.6"]
[White "Streit, Bodo"]
[Black "Kiel, Bernd"]
[Result "0-1"]
[WhiteElo "1765"]
[BlackElo "1914"]
[PlyCount "62"]
[EventDate "2015.10.11"]
[EventType "team-tourn"]
[EventRounds "9"]
[EventCountry "GER"]
[SourceDate "2015.09.20"]
[WhiteTeam "SV BW Grevesmuehlen"]
[BlackTeam "SG Guestrow/Teterow"]
[WhiteTeamCountry "GER"]
[BlackTeamCountry "GER"]

1. b4 c5 2. b5 d5 3. Bb2 Nd7 4. Nf3 Qc7 5. e3 e5 6. d4 cxd4 7. exd4 e4 8. Ne5
Ngf6 9. Be2 Bd6 10. Nxd7 Bxd7 11. h3 Rc8 12. c3 e3 13. O-O exf2+ 14. Rxf2 Ne4
15. Rf3 O-O 16. Nd2 Bh2+ 17. Kh1 Bf4 18. Nxe4 dxe4 19. Rf1 Qd6 20. Bg4 f5 21.
Bh5 Bxb5 22. Be2 Bxe2 23. Qxe2 Qh6 24. c4 Bb8 25. c5 Qg5 26. Qf2 f4 27. Rae1
Qd5 28. Bc3 b6 29. Qc2 e3 30. Qb3 Rfd8 31. cxb6 Qxb3 0-1

[Event "1516VL"]
[Site "Mecklenburg-Vorpommern"]
[Date "2015.09.20"]
[Round "1.7"]
[White "Ramp, Oliver"]
[Black "Haase, Sebastian"]
[Result "1-0"]
[WhiteElo "1791"]
[BlackElo "1731"]
[PlyCount "65"]
[EventDate "2015.10.11"]
[EventType "team-tourn"]
[EventRounds "9"]
[EventCountry "GER"]
[SourceDate "2015.09.20"]
[WhiteTeam "SG Guestrow/Teterow"]
[BlackTeam "SV BW Grevesmuehlen"]
[WhiteTeamCountry "GER"]
[BlackTeamCountry "GER"]

1. e4 c5 2. Nf3 e6 3. c4 a6 4. d4 cxd4 5. Nxd4 Bc5 6. Be3 Qb6 7. Qb3 Qxb3 8.
axb3 Nc6 9. Nc2 Bxe3 10. Nxe3 Nf6 11. Nc3 O-O 12. c5 b6 13. cxb6 Rb8 14. Bc4
Rxb6 15. O-O Ne5 16. Ra2 Bb7 17. f3 Rb8 18. Na4 Nxc4 19. bxc4 Rb4 20. c5 Bc6
21. Nb6 d6 22. Nc2 Rb5 23. Nd4 Rxc5 24. Rxa6 e5 25. Nxc6 Rxc6 26. Rfa1 Ne8 27.
Nd5 Rxa6 28. Rxa6 Kf8 29. b4 Rb7 30. Ra8 f6 31. b5 Kf7 32. b6 Nc7 33. bxc7 1-0

[Event "1516VL"]
[Site "Mecklenburg-Vorpommern"]
[Date "2015.09.20"]
[Round "1.8"]
[White "Barth, Richard"]
[Black "Ebert, Lutz"]
[Result "0-1"]
[WhiteElo "1501"]
[BlackElo "1744"]
[PlyCount "90"]
[EventDate "2015.10.11"]
[EventType "team-tourn"]
[EventRounds "9"]
[EventCountry "GER"]
[SourceDate "2015.09.20"]
[WhiteTeam "SV BW Grevesmuehlen"]
[BlackTeam "SG Guestrow/Teterow"]
[WhiteTeamCountry "GER"]
[BlackTeamCountry "GER"]

1. Nf3 d5 2. c4 d4 3. g3 c5 4. b4 cxb4 5. a3 e6 6. Bb2 Nc6 7. axb4 Bxb4 8. Qa4
Bd7 9. Ne5 Bxd2+ 10. Nxd2 Nxe5 11. Qb3 Bc6 12. f3 Ne7 13. Bh3 O-O 14. Ba3 d3
15. Bb2 N7g6 16. Bf1 f6 17. Bc3 Qb6 18. Qxb6 axb6 19. Rb1 dxe2 20. Bxe2 Nd7 21.
Kf2 Ra2 22. Nb3 e5 23. Rhd1 Rfa8 24. Rd2 Rxd2 25. Nxd2 Ngf8 26. Ne4 Ne6 27. h4
Nec5 28. Nxc5 bxc5 29. Bd3 Ra3 30. Rc1 Nb6 31. Ke3 Na4 32. Bd2 Bxf3 33. Kxf3
Rxd3+ 34. Be3 Nc3 35. Re1 Nd1 36. Ke4 Rxe3+ 37. Rxe3 Nxe3 38. Kxe3 Kf7 39. Ke4
Ke6 40. g4 g6 41. Kf3 f5 42. g5 e4+ 43. Kf4 b6 44. Kg3 Ke5 45. h5 e3 0-1

[Event "1516VL"]
[Site "Mecklenburg-Vorpommern"]
[Date "2015.10.11"]
[Round "2.1"]
[White "Schinke, Andreas"]
[Black "Weyrich, Morten"]
[Result "1/2-1/2"]
[WhiteElo "2060"]
[BlackElo "2194"]
[PlyCount "115"]
[EventDate "2015.10.11"]
[EventType "team-tourn"]
[EventRounds "9"]
[EventCountry "GER"]
[SourceDate "2015.09.20"]
[WhiteTeam "SV BW Grevesmuehlen"]
[BlackTeam "SF Schwerin III"]
[WhiteTeamCountry "GER"]
[BlackTeamCountry "GER"]

1. e4 d5 2. Nc3 dxe4 3. Nxe4 Nf6 4. Nxf6+ exf6 5. d4 Bd6 6. Nf3 O-O 7. Be2 Nc6
8. O-O Bg4 9. Be3 a6 10. h3 Bh5 11. c4 Re8 12. a3 f5 13. d5 Bxf3 14. Bxf3 Ne5
15. Be2 Qh4 16. Qd4 f4 17. Qxf4 Qxf4 18. Bxf4 Nxc4 19. Bxc4 Bxf4 20. Rfe1 Kf8
21. Kf1 Re7 22. Re2 Rae8 23. Rae1 Rxe2 24. Rxe2 Rxe2 25. Bxe2 Bc1 26. a4 Bxb2
27. Bf3 Ke8 28. Ke2 Bd4 29. Bg4 Kd8 30. f4 g6 31. Kd3 Bb2 32. Kc2 Ba3 33. f5
Bd6 34. fxg6 hxg6 35. Kd3 f5 36. Bf3 Bg3 37. Kd4 Kd7 38. Kd3 Kd6 39. Kd4 b5 40.
axb5 axb5 41. Kc3 Kc5 42. Kb3 Be5 43. Be2 Bd6 44. Bd3 Be7 45. Be2 b4 46. Bf3
Kd4 47. Be2 Bd6 48. Bf3 g5 49. Be2 Kxd5 50. Bc4+ Kd4 51. Be6 Ke5 52. Bd7 c5 53.
Kc4 Ke4 54. Bc6+ Ke3 55. Bd5 Kd2 56. Kb3 Kd3 57. Be6 Kd4 58. Bc4 1/2-1/2

[Event "1516VL"]
[Site "Mecklenburg-Vorpommern"]
[Date "2015.10.11"]
[Round "2.2"]
[White "Hornych, Christoph"]
[Black "Boehme, Andy"]
[Result "1-0"]
[WhiteElo "2028"]
[BlackElo "2048"]
[PlyCount "85"]
[EventDate "2015.10.11"]
[EventType "team-tourn"]
[EventRounds "9"]
[EventCountry "GER"]
[SourceDate "2015.09.20"]
[WhiteTeam "SF Schwerin III"]
[BlackTeam "SV BW Grevesmuehlen"]
[WhiteTeamCountry "GER"]
[BlackTeamCountry "GER"]

1. e4 g6 2. d4 c6 3. Nf3 d5 4. exd5 cxd5 5. Bd3 Bg4 6. Nbd2 Bg7 7. h3 Bxf3 8.
Nxf3 Nc6 9. c3 Nh6 10. O-O O-O 11. Bf4 f6 12. Re1 Nf7 13. c4 e5 14. cxd5 Nxd4
15. Nxd4 exd4 16. Bc4 Qb6 17. Re6 Qb4 18. b3 f5 19. Qd3 Rac8 20. h4 b5 21. Bxb5
Rc3 22. Bd2 Ne5 23. Bxc3 dxc3 24. Qe2 Rb8 25. Bc4 Nxc4 26. Qxc4 Qxc4 27. bxc4
c2 28. Rc1 Rb1 29. Ree1 Rb2 30. Re2 Rxa2 31. Rcxc2 Ra1+ 32. Kh2 Bf8 33. Ra2 Rc1
34. Rxa7 Rxc4 35. Re8 Rxh4+ 36. Kg3 Rg4+ 37. Kf3 Rd4 38. Rd8 g5 39. Raa8 Kg7
40. Rxf8 Rxd5 41. Rfd8 Rb5 42. g3 Rb3+ 43. Kg2 1-0

[Event "1516VL"]
[Site "Mecklenburg-Vorpommern"]
[Date "2015.10.11"]
[Round "2.3"]
[White "Naujok, Joerg"]
[Black "Kutschke, Peter"]
[Result "1/2-1/2"]
[WhiteElo "1953"]
[BlackElo "2000"]
[PlyCount "77"]
[EventDate "2015.10.11"]
[EventType "team-tourn"]
[EventRounds "9"]
[EventCountry "GER"]
[SourceDate "2015.09.20"]
[WhiteTeam "SV BW Grevesmuehlen"]
[BlackTeam "SF Schwerin III"]
[WhiteTeamCountry "GER"]
[BlackTeamCountry "GER"]

1. Nf3 d5 2. g3 Bf5 3. Bg2 c6 4. d3 h6 5. Nbd2 Nf6 6. O-O Nbd7 7. Re1 e5 8. e4
dxe4 9. dxe4 Be6 10. Qe2 Bc5 11. h3 Qb6 12. c3 a5 13. Nf1 g6 14. Nh4 Qc7 15.
Be3 Bxe3 16. Qxe3 Qb6 17. f4 O-O-O 18. f5 gxf5 19. Qxb6 Nxb6 20. exf5 Bc4 21.
Rxe5 Bxf1 22. Rxf1 Rhg8 23. Rxa5 Rxg3 24. Kh2 Rgd3 25. Nf3 Rg8 26. Rf2 Ne4 27.
Re2 Ng3 28. Ne5 Rd1 29. Rf2 Kc7 30. Ng4 h5 31. Kxg3 hxg4 32. hxg4 Nc4 33. Ra4
Ne3 34. Re4 Rd3 35. Kh4 f6 36. Bf3 Nd1 37. Rf1 Ne3 38. Rf2 Nd1 39. Rf1 1/2-1/2

[Event "1516VL"]
[Site "Mecklenburg-Vorpommern"]
[Date "2015.10.11"]
[Round "2.4"]
[White "Wandel, Bernd"]
[Black "Wecke, Thoralf"]
[Result "1/2-1/2"]
[WhiteElo "2023"]
[BlackElo "1907"]
[PlyCount "43"]
[EventDate "2015.10.11"]
[EventType "team-tourn"]
[EventRounds "9"]
[EventCountry "GER"]
[SourceDate "2015.09.20"]
[WhiteTeam "SF Schwerin III"]
[BlackTeam "SV BW Grevesmuehlen"]
[WhiteTeamCountry "GER"]
[BlackTeamCountry "GER"]

1. d4 d6 2. c4 e5 3. d5 f5 4. Nc3 Nf6 5. g3 Be7 6. Bg2 O-O 7. Nf3 Na6 8. O-O
Nc5 9. b4 Nce4 10. Bb2 Nxc3 11. Bxc3 Ne4 12. Bb2 Bd7 13. Ne1 Qe8 14. e3 a5 15.
a3 axb4 16. axb4 Rxa1 17. Bxa1 Qa8 18. f3 Nf6 19. Nd3 Qa7 20. Re1 Ra8 21. Bb2
Qa4 22. Qxa4 1/2-1/2

[Event "1516VL"]
[Site "Mecklenburg-Vorpommern"]
[Date "2015.10.11"]
[Round "2.5"]
[White "Stiegler, Maik"]
[Black "Wagner, Ralph"]
[Result "0-1"]
[WhiteElo "1888"]
[BlackElo "1989"]
[PlyCount "88"]
[EventDate "2015.10.11"]
[EventType "team-tourn"]
[EventRounds "9"]
[EventCountry "GER"]
[SourceDate "2015.09.20"]
[WhiteTeam "SV BW Grevesmuehlen"]
[BlackTeam "SF Schwerin III"]
[WhiteTeamCountry "GER"]
[BlackTeamCountry "GER"]

1. d4 d5 2. c4 c6 3. Nc3 Nf6 4. Bg5 a6 5. a4 e6 6. Nf3 Be7 7. e3 Nbd7 8. Bd3 h6
9. Bxf6 Bxf6 10. Rc1 O-O 11. O-O Re8 12. e4 dxe4 13. Nxe4 Be7 14. Bb1 Nf8 15.
Qc2 Qc7 16. Rfd1 Bd7 17. Rd3 Ng6 18. g3 Rad8 19. h4 f5 20. Nc3 c5 21. Re1 cxd4
22. Nxd4 Ne5 23. Rde3 Bc5 24. Nxe6 Rxe6 25. Qxf5 Bxe3 26. Qh7+ Kf7 27. Rxe3 Bc6
28. Qf5+ Rf6 29. Qxe5 Qxe5 30. Rxe5 Rd2 31. f4 Rg2+ 32. Kf1 Rxg3 33. f5 Rh3 34.
Be4 Rxh4 35. Kg1 Rg4+ 36. Kf2 Bxe4 37. Nxe4 Rb6 38. Kf3 Rg1 39. c5 Rb3+ 40. Kf4
Rf1+ 41. Kg4 Rxb2 42. Nd6+ Kg8 43. Re8+ Kh7 44. Nf7 Rb4+ 0-1

[Event "1516VL"]
[Site "Mecklenburg-Vorpommern"]
[Date "2015.10.11"]
[Round "2.6"]
[White "Helms, Sven"]
[Black "Streit, Bodo"]
[Result "1-0"]
[WhiteElo "1941"]
[BlackElo "1765"]
[PlyCount "109"]
[EventDate "2015.10.11"]
[EventType "team-tourn"]
[EventRounds "9"]
[EventCountry "GER"]
[SourceDate "2015.09.20"]
[WhiteTeam "SF Schwerin III"]
[BlackTeam "SV BW Grevesmuehlen"]
[WhiteTeamCountry "GER"]
[BlackTeamCountry "GER"]

1. d4 d5 2. c4 e6 3. Nc3 Nf6 4. Bg5 Nbd7 5. e3 Be7 6. Nf3 h6 7. Bxf6 Nxf6 8.
Bd3 c6 9. O-O dxc4 10. Bxc4 O-O 11. Rc1 Qa5 12. Ne5 Qb4 13. Bb3 c5 14. Nd3 Qa5
15. dxc5 Bxc5 16. Nxc5 Qxc5 17. Nd5 Qa5 18. Nxf6+ gxf6 19. f4 Rd8 20. Qg4+ Kf8
21. Qh4 Ke7 22. e4 Rg8 23. e5 Bd7 24. Qxf6+ Ke8 25. Rc2 Rc8 26. Rxc8+ Bxc8 27.
Rd1 Bd7 28. g3 Rg6 29. Qh8+ Ke7 30. Qb8 Bc6 31. Qd6+ Ke8 32. Qd4 Qb6 33. Qxb6
axb6 34. Rd4 f5 35. Rd6 Ke7 36. Kf2 h5 37. h4 b5 38. Bd1 Rh6 39. Be2 Rh8 40.
Rd4 Ra8 41. a3 Be8 42. Ke3 Rc8 43. Kd2 Rd8 44. Rxd8 Kxd8 45. Kc3 Kc7 46. Kb4
Kb6 47. b3 Ka6 48. Kc5 Ka5 49. Kd6 b4 50. a4 Bxa4 51. bxa4 Kxa4 52. Kxe6 b3 53.
Kd5 b2 54. Bd3 Ka3 55. Kc5 1-0

[Event "1516VL"]
[Site "Mecklenburg-Vorpommern"]
[Date "2015.10.11"]
[Round "2.7"]
[White "Haase, Sebastian"]
[Black "Schumacher, Ole"]
[Result "1/2-1/2"]
[WhiteElo "1731"]
[BlackElo "1673"]
[PlyCount "71"]
[EventDate "2015.10.11"]
[EventType "team-tourn"]
[EventRounds "9"]
[EventCountry "GER"]
[SourceDate "2015.09.20"]
[WhiteTeam "SV BW Grevesmuehlen"]
[BlackTeam "SF Schwerin III"]
[WhiteTeamCountry "GER"]
[BlackTeamCountry "GER"]

1. d4 Nf6 2. Bf4 g6 3. Nf3 Bg7 4. e3 c5 5. c3 Qb6 6. Qc2 d5 7. dxc5 Qxc5 8. Bd3
Nc6 9. h3 O-O 10. Nbd2 Re8 11. Nb3 Qb6 12. Bh2 e5 13. Nfd2 a5 14. a4 Bd7 15. e4
dxe4 16. Nxe4 Nxe4 17. Bxe4 Be6 18. Nd2 f5 19. Bxc6 Qxc6 20. O-O Bd5 21. f3
Rad8 22. Rae1 Qd7 23. Re2 Bc6 24. b3 b5 25. Rfe1 bxa4 26. bxa4 Bxa4 27. Qa2+
Kh8 28. Bxe5 Bxe5 29. Rxe5 Qa7+ 30. Kh1 Bc6 31. Rxe8+ Rxe8 32. Rxe8+ Bxe8 33.
Qa3 Kg7 34. Nc4 a4 35. Qd6 Qd7 36. Qe5+ 1/2-1/2

[Event "1516VL"]
[Site "Mecklenburg-Vorpommern"]
[Date "2015.10.11"]
[Round "2.8"]
[White "Voll, Andreas"]
[Black "Barth, Richard"]
[Result "1-0"]
[WhiteElo "1788"]
[BlackElo "1501"]
[PlyCount "71"]
[EventDate "2015.10.11"]
[EventType "team-tourn"]
[EventRounds "9"]
[EventCountry "GER"]
[SourceDate "2015.09.20"]
[WhiteTeam "SF Schwerin III"]
[BlackTeam "SV BW Grevesmuehlen"]
[WhiteTeamCountry "GER"]
[BlackTeamCountry "GER"]

1. e4 c5 2. Nf3 a6 3. d4 cxd4 4. Nxd4 Nf6 5. Nc3 e5 6. Nb3 Bb4 7. Bd3 Qc7 8.
Bd2 d6 9. O-O O-O 10. h3 Nbd7 11. a3 Bc5 12. Re1 Ba7 13. Qe2 h6 14. Rad1 Nc5
15. Nxc5 Bxc5 16. Qf3 Be6 17. Bxh6 Qb6 18. Na4 Bxf2+ 19. Kh1 Qa7 20. Rf1 Bh4
21. Be3 Qb8 22. Nb6 Nd7 23. Nxa8 Qxa8 24. Qh5 Bf6 25. Rd2 g6 26. Qh6 Bg7 27.
Qh4 f6 28. Qg3 Qe8 29. Rdf2 b5 30. Bd2 Bc4 31. Bxc4+ bxc4 32. Bb4 Nc5 33. Bxc5
dxc5 34. Qg4 Kf7 35. Rd1 Qe6 36. Rd7+ 1-0

[Event "1516VL"]
[Site "Mecklenburg-Vorpommern"]
[Date "2015.10.11"]
[Round "2.1"]
[White "Rossmann, Andreas"]
[Black "Skibbe, Willi"]
[Result "0-1"]
[WhiteElo "1919"]
[BlackElo "2207"]
[PlyCount "70"]
[EventDate "2015.10.11"]
[EventType "team-tourn"]
[EventRounds "9"]
[EventCountry "GER"]
[SourceDate "2015.09.20"]
[WhiteTeam "SG Neubrandenburg"]
[BlackTeam "SSC Rostock 07 II"]
[WhiteTeamCountry "GER"]
[BlackTeamCountry "GER"]

1. Nf3 c5 2. e4 d6 3. d4 cxd4 4. Nxd4 Nf6 5. Nc3 a6 6. Be2 Nbd7 7. O-O g6 8.
Be3 Bg7 9. a4 O-O 10. f4 Qc7 11. Bf3 e5 12. Nb3 exf4 13. Bxf4 Ne5 14. Be2 Be6
15. Kh1 Rfe8 16. Bg5 Nfg4 17. h3 h6 18. Nd4 Bc4 19. Nd5 Bxd5 20. exd5 hxg5 21.
Bxg4 Nc4 22. Ne6 fxe6 23. Bxe6+ Kh7 24. Qc1 Ne5 25. Qxg5 Qe7 26. Qg3 Rf8 27.
Rfe1 Bh6 28. Re4 Qg5 29. Qb3 b5 30. Qb4 Rf2 31. Bg4 Raf8 32. Qxd6 Rf1+ 33. Rxf1
Rxf1+ 34. Kh2 Qf4+ 35. Rxf4 Bxf4+ 0-1